| 000 | 00646nam a2200205Ia 4500 | ||
|---|---|---|---|
| 003 | GCL | ||
| 008 | 140319s9999 xx 000 0 ara d | ||
| 040 |
_aGCL / _cGCL |
||
| 082 | 0 | 4 |
_a818.03 _bا ف |
| 100 | 1 | _aابراهيم نافع | |
| 245 | 1 | 0 |
_aفى الحب والحياة / _cابراهيم نافع |
| 300 | _a257 ص | ||
| 490 |
_aالهيئة العامة للاستعلامات _v0 |
||
| 650 | 0 | 4 | _aالقصص العاطفية |
| 650 | 0 | 4 | _aالقصص الرومانسية |
| 650 | 0 | 4 | _aالقصص |
| 650 | 0 | 4 | _aالقصص العربية القصيرة - مصر |
| 650 | 0 | 4 | _aالقصص العربية - مصر |
| 942 |
_2ddc _cBK |
||
| 999 |
_c47938 _d47938 |
||